000
00317nam a2200121Ia 4500
008
190216s9999||||xx |||||||||||||| ||und||
100
_a
Graves Lawrence M
245
4
_a
The Theory Of Functions Of Real Variables
260
_b
Tata Mcgrawhill Publishers
_c
1956
300
_a
375p
650
_a
Mathematics
942
_c
BK
999
_c
30885
_d
30885